000 00903nam a22002777a 4500
003 CHAP
005 20220329135414.0
008 971013s1985 mx r 00010 spa d
010 _a35896
011 _a36868
035 _a40987
040 _cCHAP
082 0 4 _a336.72
_bM46
110 2 _aMéxico. Cámara de Diputados. Contaduría Mayor de Hacienda
_976879
245 1 _aBibliografía Mexicana sobre fiscalización y control gubernamental, 1934-1984
260 _aMéxico, D.F. :
_bLa Cámara,
_c1985
300 _a314 p
590 _aBATCH-UPD
_b10
_c20130110
_lUCH01
_h2137
590 _aBATCH-UPD
_b10
_c20130410
_lUCH01
_h1445
590 _aBATCH-UPD
_b10
_c20130914
_lUCH01
_h1409
590 _aCONVERSION
_b10
_c20130109
_lUCH01
_h1320
650 1 4 _aFinanzas públicas
_xBibliografía.
_940955
901 _aBK
942 _cLIBRO
949 _a336.72 M46
_bBC
_cC
_d33724000508982
_eC
_h69215
_i40987
_si
999 _c35896
_d35896